| 000 | 00868nam a2200241 i 4500 | ||
|---|---|---|---|
| 001 | 77786 | ||
| 003 | ES-MaACL | ||
| 005 | 20230906173357.0 | ||
| 007 | t| | ||
| 008 | 041110s1982 sp af ||||1|dspa d | ||
| 020 | _a84-261-1915-8 | ||
| 080 | _a355.49(43)"1939/45" | ||
| 080 | _a929 Müllenheim-Rechberg, Burkard von. Freiherr | ||
| 100 | 1 |
_aMuellenheim-Rechberg, Burkard von _cFreiherr. _9155410 |
|
| 245 | 1 | 3 |
_aEl acorazado "Bismarck" _b: relato de un superviviente / _cBarón Burkard von Müllenheim-Rechberg ; traducción [del inglés] de Luis de la Sierra. |
| 250 | _a1ª ed. | ||
| 260 |
_aBarcelona : _bJuventud, _c1982. |
||
| 300 |
_a282 p., lám. : _bil. ; _c22 cm. |
||
| 610 | 2 | 4 |
_aBismarck (Barco) _9148177 |
| 650 | 1 | 4 |
_aGuerra mundial, 1939-1945- _xOperaciones navales. _913248 |
| 700 | 1 |
_aSierra, Luis de la. _9106258 |
|
| 852 |
_aES-MaACL _jE-10288 |
||
| 999 |
_c77786 _d77786 |
||